00449nam a2200145Ia 4500020001800000082002000018100002400038245003500062260004500097300001300142504003600155650003100191650003100222650005000253 a9780198066446 a330.90954 BAG-C aBagchi, Amiya Kumar 0aColonialism and Indian economy aNew DelhibOxford University Pressc2010 alii, 303 aincludes bibliography and index aIndustriesvIndiavHistory aIndiavEconomic conditions aIndiavHistoryvBritish occupation, 1765-1947